Normal view
MARC view
Entry Nombre de reunión
001 - NÚMERO DE CONTROL
- campo de control: 25962
003 - IDENTIFICADOR DEL NÚMERO DE CONTROL
- campo de control: OSt
005 - FECHA Y HORA DE LA ÚLTIMA TRANSACCIÓN
- campo de control: 20200615033021.0
008 - DATOS DE LONGITUD FIJA
- campo de control de longitud fija: 200615|| aca||aabn | a|a d
040 ## - FUENTE DE LA CATALOGACIÓN
- Centro catalogador/agencia de origen: OSt
- Centro/agencia transcriptor: OSt
111 ## - ENCABEZAMIENTO--NOMBRE DE CONGRESO/REUNIÓN
- Nombre de congreso/reunión o jurisdicción como elemento de entrada: Primer Seminario de evaluación y normatización de las residencias médicas
- Número del congreso/reunión o número de parte o sección: (1ra :
- Fecha del congreso/reunión: 1983 mayo 20, 21 y 22 :
- Sede del congreso/Lugar de la reunión: Santo Domingo)
670 ## - FUENTE DE DATOS ENCONTRADOS
- Cita de la fuente: Work cat.: (OSt)10508: Primer Seminario de evaluación y normatización de las residencias médicas (1ra : 1983 mayo 20, 21 y 22 : Santo Domingo), Primer Seminario de evaluación y normatización de las residencias médicas. /, 1985.
